| 000 | 00860cam a22002655a 4500 | ||
|---|---|---|---|
| 001 | 18274018 | ||
| 005 | 20201128021441.0 | ||
| 008 | 140820t2015 njua fr 001 0 eng d | ||
| 020 | _a9780133570182 (pbk. : alk. paper) | ||
| 020 | _a0133570185 | ||
| 040 |
_aDLC _beng _cDLC _dEG-ScBUE |
||
| 082 | 0 | 4 |
_222 _a005.7565 _bMAN |
| 100 | 1 |
_aMani, Kannan. _939216 |
|
| 245 | 1 | 0 |
_aVirtualizing oracle databases on vsphere / _cKannan Mani, Don Sullivan. |
| 250 | _a1st ed. | ||
| 260 |
_aUpper Saddle River : _bVM Ware Press, _cc.2015. |
||
| 300 |
_axxvii, 352 p. : _bill. ; _c24 cm. |
||
| 500 | _aIndex : p. 341-352. | ||
| 650 | 7 |
_aRelational databases. _2BUEsh _92656 |
|
| 650 | 7 |
_aDatabase management. _2BUEsh _911309 |
|
| 650 | 7 |
_aVirtual computer systems. _2BUEsh _939141 |
|
| 653 |
_bCOMSCI _cJuly2015 _cFebruary2016 |
||
| 700 | 1 | _aSullivan, Don. | |
| 942 | _2ddc | ||
| 999 |
_c20383 _d20355 |
||